Aktuálne výzvy školskej prevencie
Škola ako významný socializačný činiteľ. Jej úloha v oblasti prevencie rizikového či problémového správania sa žiakov. Činnosti podpornej úrovne. Bezpečnosť školského prostredia, výskumné a prieskumné zistenia. Preventívna činnosť v školách. Disciplína a pravidlá v školskom prostredí. Riešenie konf...
Salvato in:
| Autore principale: | |
|---|---|
| Natura: | Capitolo di libro |
| Lingua: | slovacco |
| Soggetti: | |
| Tags: |
Nessun Tag, puoi essere il primo ad aggiungerne!!
|
MARC
| LEADER | 00000naa a2200000 4500 | ||
|---|---|---|---|
| 001 | 0290889 | ||
| 005 | 20240417075224.7 | ||
| 041 | 0 | |a slo | |
| 044 | |a SK | ||
| 245 | 1 | 0 | |a Aktuálne výzvy školskej prevencie |c Ingrid Emmerová |
| 520 | |a Škola ako významný socializačný činiteľ. Jej úloha v oblasti prevencie rizikového či problémového správania sa žiakov. Činnosti podpornej úrovne. Bezpečnosť školského prostredia, výskumné a prieskumné zistenia. Preventívna činnosť v školách. Disciplína a pravidlá v školskom prostredí. Riešenie konfliktov a šikanovania. | ||
| 610 | 2 | 0 | |a školy |
| 610 | 2 | 0 | |a vzdelávanie |
| 610 | 2 | 0 | |a výchova |
| 610 | 2 | 0 | |a bezpečnosť |
| 610 | 2 | 0 | |a prevencia |
| 610 | 2 | 0 | |a správanie |
| 100 | 1 | |a Emmerová, Ingrid | |